[Event "Rohde op 10th"]
[Site "Sautron"]
[Date "2010.10.24"]
[Round "2"]
[White "Pheline, Gregoire"]
[Black "Billon, Laurent"]
[Result "1-0"]
[WhiteElo "1120"]
[BlackElo "1499"]
[PlyCount "71"]
[EventDate "2010.10.23"]
[EventType "swiss"]
[EventRounds "9"]
[EventCountry "FRA"]
[SourceTitle "EXT 2012"]
[Source "ChessBase"]
[SourceDate "2011.11.24"]
[SourceVersion "1"]
[SourceVersionDate "2011.11.24"]
[SourceQuality "1"]

1. d4 d6 2. Nf3 Nf6 3. Nc3 g6 4. e4 Bg7 5. Bc4 0-0 6. 0-0 e6 7. Bg5 Na6 8. e5 d5 9. exf6 Bxf6 10. Bxf6 Qxf6 11. Bb3 c5 12. Qd2 Bd7 13. dxc5 Nxc5 14. Qh6 Nxb3 15. axb3 Rfc8 16. Rae1 d4 17. Ne4 Qg7 18. Qh4 Kh8 19. Nf6 h5 20. Nxd7 Rxc2 21. Qf6 Qxf6 22. Nxf6 Kg7 23. Nxd4 Rxb2 24. Ne4 e5 25. Nf3 a5 26. Rb1 Rc2 27. Nxe5 f6 28. Nd7 f5 29. Ng5 b5 30. h4 Rd8 31. Rfd1 Re8 32. Re1 Ree2 33. Rxe2 Rxe2 34. Kf1 Rd2 35. Nb6 Rd6 36. Ne6+ 1-0